<?xml version="1.0" encoding="UTF-8"?>
<collection xmlns="http://www.loc.gov/MARC21/slim">
 <record>
  <leader>02196aam a22002898a 4500</leader>
  <controlfield tag="001">NCT_15774</controlfield>
  <controlfield tag="008">090916s2009                  ||||||viesd</controlfield>
  <datafield tag="999" ind1=" " ind2=" ">
   <subfield code="c">750</subfield>
   <subfield code="d">750</subfield>
  </datafield>
  <datafield tag="020" ind1=" " ind2=" ">
   <subfield code="c">80000</subfield>
  </datafield>
  <datafield tag="082" ind1="0" ind2="4">
   <subfield code="2">23rd ed.</subfield>
   <subfield code="a">658.804076</subfield>
   <subfield code="b">M107</subfield>
  </datafield>
  <datafield tag="100" ind1="1" ind2=" ">
   <subfield code="a">Nguyễn Văn Mạnh</subfield>
  </datafield>
  <datafield tag="245" ind1="1" ind2="0">
   <subfield code="a">Giáo trình quản trị kinh doanh lữ hành</subfield>
   <subfield code="c">Nguyễn Văn Mạnh, Phạm Hồng Chương</subfield>
  </datafield>
  <datafield tag="250" ind1=" " ind2=" ">
   <subfield code="a">Tái bản lần thứ 2, có chỉnh sửa</subfield>
  </datafield>
  <datafield tag="260" ind1=" " ind2=" ">
   <subfield code="a">H.</subfield>
   <subfield code="b">Đại học Kinh tế Quốc dân</subfield>
   <subfield code="c">2009</subfield>
  </datafield>
  <datafield tag="300" ind1=" " ind2=" ">
   <subfield code="a">494tr.</subfield>
   <subfield code="c">24cm</subfield>
  </datafield>
  <datafield tag="500" ind1=" " ind2=" ">
   <subfield code="a">ĐTTS ghi: Trường ĐH Kinh tế Quốc dân. Khoa Du lịch và Khách sạn</subfield>
  </datafield>
  <datafield tag="520" ind1="3" ind2=" ">
   <subfield code="a">Khái quát về lịch sử phát triển kinh doanh lữ hành. Các nội dung cơ bản của kinh doanh lữ hành. Cơ cấu tổ chức và quản trị nhân lực của doanh nghiệp lữ hành. Quan hệ, tổ chức kinh doanh lữ hành. Hệ thống các chỉ tiêu đánh giá hoạt động kinh doanh chương trình du lịch. Môi trường kinh doanh của doanh nghiệp lữ hành. Kinh doanh lữ hành ở Việt Nam</subfield>
  </datafield>
  <datafield tag="653" ind1=" " ind2=" ">
   <subfield code="a">Quản trị kinh doanh</subfield>
  </datafield>
  <datafield tag="655" ind1=" " ind2="7">
   <subfield code="a">Giáo trình</subfield>
  </datafield>
  <datafield tag="700" ind1="1" ind2=" ">
   <subfield code="a">Phạm Hồng Chương</subfield>
  </datafield>
  <datafield tag="942" ind1=" " ind2=" ">
   <subfield code="2">ddc</subfield>
   <subfield code="c">BK</subfield>
  </datafield>
  <datafield tag="952" ind1=" " ind2=" ">
   <subfield code="0">0</subfield>
   <subfield code="1">0</subfield>
   <subfield code="2">ddc</subfield>
   <subfield code="4">0</subfield>
   <subfield code="6">658_804076000000000_M107</subfield>
   <subfield code="7">0</subfield>
   <subfield code="9">2825</subfield>
   <subfield code="a">000001</subfield>
   <subfield code="b">000001</subfield>
   <subfield code="d">2017-11-07</subfield>
   <subfield code="l">1</subfield>
   <subfield code="o">658.804076 M107</subfield>
   <subfield code="p">MD.06786</subfield>
   <subfield code="r">2022-01-18</subfield>
   <subfield code="s">2018-06-08</subfield>
   <subfield code="v">80000.00</subfield>
   <subfield code="w">2017-11-07</subfield>
   <subfield code="y">BK</subfield>
  </datafield>
  <datafield tag="952" ind1=" " ind2=" ">
   <subfield code="0">0</subfield>
   <subfield code="1">0</subfield>
   <subfield code="2">ddc</subfield>
   <subfield code="4">0</subfield>
   <subfield code="6">658_804076000000000_M107</subfield>
   <subfield code="7">0</subfield>
   <subfield code="9">2826</subfield>
   <subfield code="a">000001</subfield>
   <subfield code="b">000001</subfield>
   <subfield code="d">2017-11-07</subfield>
   <subfield code="l">1</subfield>
   <subfield code="o">658.804076 M107</subfield>
   <subfield code="p">MD.06787</subfield>
   <subfield code="r">2022-01-03</subfield>
   <subfield code="s">2020-01-06</subfield>
   <subfield code="v">80000.00</subfield>
   <subfield code="w">2017-11-07</subfield>
   <subfield code="y">BK</subfield>
  </datafield>
  <datafield tag="952" ind1=" " ind2=" ">
   <subfield code="0">0</subfield>
   <subfield code="1">0</subfield>
   <subfield code="2">ddc</subfield>
   <subfield code="4">0</subfield>
   <subfield code="6">658_804076000000000_M107</subfield>
   <subfield code="7">0</subfield>
   <subfield code="9">2827</subfield>
   <subfield code="a">000001</subfield>
   <subfield code="b">000001</subfield>
   <subfield code="d">2017-11-07</subfield>
   <subfield code="o">658.804076 M107</subfield>
   <subfield code="p">MD.06788</subfield>
   <subfield code="r">2017-11-07</subfield>
   <subfield code="v">80000.00</subfield>
   <subfield code="w">2017-11-07</subfield>
   <subfield code="y">BK</subfield>
  </datafield>
  <datafield tag="952" ind1=" " ind2=" ">
   <subfield code="0">0</subfield>
   <subfield code="1">0</subfield>
   <subfield code="2">ddc</subfield>
   <subfield code="4">0</subfield>
   <subfield code="6">658_804076000000000_M107</subfield>
   <subfield code="7">0</subfield>
   <subfield code="9">2828</subfield>
   <subfield code="a">000001</subfield>
   <subfield code="b">000001</subfield>
   <subfield code="d">2017-11-07</subfield>
   <subfield code="l">2</subfield>
   <subfield code="o">658.804076 M107</subfield>
   <subfield code="p">MD.06789</subfield>
   <subfield code="r">2021-04-16</subfield>
   <subfield code="s">2021-04-15</subfield>
   <subfield code="v">80000.00</subfield>
   <subfield code="w">2017-11-07</subfield>
   <subfield code="y">BK</subfield>
  </datafield>
  <datafield tag="952" ind1=" " ind2=" ">
   <subfield code="0">0</subfield>
   <subfield code="1">0</subfield>
   <subfield code="2">ddc</subfield>
   <subfield code="4">0</subfield>
   <subfield code="6">658_804076000000000_M107</subfield>
   <subfield code="7">0</subfield>
   <subfield code="9">2829</subfield>
   <subfield code="a">000001</subfield>
   <subfield code="b">000001</subfield>
   <subfield code="d">2017-11-07</subfield>
   <subfield code="o">658.804076 M107</subfield>
   <subfield code="p">MD.06790</subfield>
   <subfield code="r">2017-12-05</subfield>
   <subfield code="v">80000.00</subfield>
   <subfield code="w">2017-11-07</subfield>
   <subfield code="y">BK</subfield>
  </datafield>
  <datafield tag="980" ind1=" " ind2=" ">
   <subfield code="a">Thư viện Trường Đại học Nam Cần Thơ</subfield>
  </datafield>
 </record>
</collection>
